000
00260nam a22001217a 4500
008
170511b xxu||||| |||| 00| 0 eng d
041
_a
eng
080
_2
4 ED
_a
34
100
_a
15
101
_a
SHJ
245
_a
COMERCIAL LAW
_c
JORDAN.R.L
942
_2
udc
_c
BK
999
_c
13104
_d
13104